000 01205naa a22003257a 4500
001 BR8305550
003 BR-BrBNA
005 20240918175345.0
007 ta
008 230509b bl.||||| |||| 00| 0 por d
040 _aBR-BrBNA
_bpor
_cBiblioteca Nacional de Agricultura
041 _a(Pt)
072 _aN10
_b/G514
090 _aN10 BR8305550
100 1 _aMah, M.M.
100 1 _aMartyn, P.J.
100 1 _aFernandes, B.
100 1 _aAlvarenga, L.C.
100 1 _aChaves, R.N. de M.
100 1 _aMantovani, A.
100 1 _aSediyama, G.C.
111 1 _a11. Congresso Brasileiro de Engenharia Agricola
_cBrasilia, DF (Brazil)
_d22-27 Jun 1981
245 1 _aDeterminacao dos parametros fisicos (Kc, Ko, n)referentes a resistencia ao rolamento, em dois solos [trator, Brasil]
260 3 _aBrasilia, DF (Brasil):
_c1983.
500 _aAnais do 11. Congresso Brasileiro de Engenharia Agricola, v. 3 Brasilia, DF (Brasil): 1983. p. 1407-1423 (BR8305550-AM)N10
650 _aTRATOR
773 0 _tAnais do 11. Congresso Brasileiro de Engenharia Agricola, v. 3
_wN10 BR8305550
_gBrasilia, DF (Brasil), 1983. p. 1407-1423
909 _a202404
_bLucia
_c55
_dLucia Elande
942 _cAM
_2AGRIS
999 _c316305
_d316305